LEADER 01306nam 2200457 450 001 9910466682703321 005 20200520144314.0 010 $a1-55238-991-X 035 $a(CKB)4100000006096526 035 $a(MiAaPQ)EBC5502771 035 $a(Au-PeEL)EBL5502771 035 $a(CaPaEBR)ebr11603436 035 $a(OCoLC)1051139851 035 $a(EXLCZ)994100000006096526 100 $a20180924d2018 uy 0 101 0 $aeng 135 $aurcnu|||||||| 181 $ctxt$2rdacontent 182 $cc$2rdamedia 183 $acr$2rdacarrier 200 00$aLaw, politics, and the judicial process in Canada /$fF. L. Morton, Dave Snow, editors 205 $aFourth edition. 210 1$aCalgary, Alberta :$cUniversity of Calgary Press,$d[2018] 210 4$d©2018 215 $a1 online resource (714 pages) 311 $a1-55238-990-1 606 $aCourts$zCanada 606 $aJudicial process$zCanada 608 $aElectronic books. 615 0$aCourts 615 0$aJudicial process 676 $a347.7101 702 $aMorton$b F. L. 702 $aSnow$b David E. 801 0$bMiAaPQ 801 1$bMiAaPQ 801 2$bMiAaPQ 906 $aBOOK 912 $a9910466682703321 996 $aLaw, politics, and the judicial process in Canada$91953029 997 $aUNINA LEADER 01090nam a2200241 i 4500 001 991002516479707536 005 20020503170228.0 008 000704s1958 it ||| | ita 035 $ab10375764-39ule_inst 035 $aEXGIL105150$9ExL 040 $aBiblioteca Interfacoltà$bita 082 0 $a291 100 1 $aCurotto, Ernesto$0207711 245 10$aDizionario della mitologia universale :$bcon tavole fuori testo, fonti e bibliografia :$bMondo classico, Asia orientale e centrale, Asia occidentale, Islam, egitto e Africa, etruschi, Celti, Germani, Slavi e Scandinavi, America precolombiana, Primitivi /$cErnesto Curotto 260 $aTorino :$bSEI,$c1958 300 $aVIII, 488 p. :$b20 tav. ;$c24 cm. 650 4$aMitologia$xEnciclopedie e dizionari 907 $a.b10375764$b02-04-14$c27-06-02 912 $a991002516479707536 945 $aLE002 Enc. Cl. 5$g1$iLE002-28082/P3$lle002$o-$pE0.00$q-$rl$sm $t0$u0$v0$w0$x0$y.i10439833$z27-06-02 996 $aDizionario della mitologia universale$9203163 997 $aUNISALENTO 998 $ale002$b01-01-00$cm$da $e-$fita$git $h0$i1